| 000 | 00803nam a22002775i 4500 | ||
|---|---|---|---|
| 005 | 20230706091907.0 | ||
| 008 | 171012s2017 nyu 000 0 eng | ||
| 010 | _a 2017957634 | ||
| 020 | _a1260027074 | ||
| 040 |
_aDLC _beng _erda _cDLC |
||
| 042 | _apcc | ||
| 082 |
_a372.35 _bGLE-M |
||
| 100 | 1 | _aGlendening, Mary. | |
| 245 | 1 | 0 |
_aMakerspace sound and music projects for all ages / _cMary Glendening, Isaac Glendening. |
| 260 |
_aUSA _bMcGraw Hill _c2018 |
||
| 263 | _a1712 | ||
| 264 | 1 |
_aNew York, NY : _bMcGraw-Hill Education, _c2017. |
|
| 300 | _a180 | ||
| 336 |
_atext _btxt _2rdacontent |
||
| 337 |
_aunmediated _bn _2rdamedia |
||
| 338 |
_avolume _bnc _2rdacarrier |
||
| 650 | _aMisc | ||
| 906 |
_a0 _bibc _corignew _d2 _eepcn _f20 _gy-gencatlg |
||
| 999 |
_c18845 _d18845 |
||